Tierra en-tonada (Record no. 60327)

MARC details
000 -LEADER
campo de control de longitud fija 01658nac a2200385 i 4500
003 - IDENTIFICADOR DE NÚMERO DE CONTROL
campo de control CO-PeBPM
005 - FECHA Y HORA DE LA ÚLTIMA TRANSACCIÓN
campo de control 20251108115340.0
007 - CAMPO FIJO DE DESCRIPCIÓN FÍSICA--INFORMACIÓN GENERAL
campo de control de longitud fija ta
008 - DATOS DE LONGITUD FIJA--INFORMACIÓN GENERAL
campo de control de longitud fija 231210s2023 ck a|||ar|||| 00||p spa d
020 ## - NÚMERO INTERNACIONAL ESTÁNDAR DEL LIBRO
Número Internacional Estándar del Libro 9786289602203
040 ## - FUENTE DE CATALOGACIÓN
Centro catalogador/agencia de origen CO-PeBPM
Lengua de catalogación spa
Normas de descripción rda
Centro/agencia transcriptor CO-PeBPM
041 0# - CÓDIGO DE IDIOMA
Código de lengua del texto/banda sonora o título independiente spa
082 04 - NÚMERO DE LA CLASIFICACIÓN DECIMAL DEWEY
Número de clasificación (i) 808 T564t
Número de edición 22
245 00 - MENCIÓN DEL TÍTULO
Título Tierra en-tonada
Resto del título : Cantos y cuentos en comunidad celebrando la tierra y las raíces
Mención de responsabilidad, etc. / Diana Patricia Caicedo Valois ... [y otros cinco] ; ilustraciones de Natalia Rojas Castro ... [y otros once
250 ## - MENCION DE EDICION
Mención de edición Edición especial
264 #1 - PRODUCCIÓN, PUBLICACIÓN, DISTRIBUCIÓN, FABRICACIÓN Y COPYRIGHT
Producción, publicación, distribución, fabricación y copyright Bogotá, Colombia
Nombre del de productor, editor, distribuidor, fabricante : Editorial Tagigo
Fecha de producción, publicación, distribución, fabricación o copyright , 2023
300 ## - DESCRIPCIÓN FÍSICA
Extensión 54 páginas
Otras características físicas ilustraciones a color
Dimensiones 24 cm
336 ## - TIPO DE CONTENIDO
Término de tipo de contenido texto
Código de tipo de contenido txt
Fuente rdacontent
337 ## - TIPO DE MEDIO
Nombre/término del tipo de medio sin mediación
Código del tipo de medio n
Fuente rdamedia
338 ## - TIPO DE SOPORTE
Nombre/término del tipo de soporte volumen
Código del tipo de soporte nc
Fuente rdacarrier
521 ## - NOTA DE PÚBLICO DESTINATARIO
Nota de público destinatario Recomendado para un público infantil a partir de los 6 años
650 17 - PUNTO DE ACCESO ADICIONAL DE MATERIA--TÉRMINO DE MATERIA
Término de materia o nombre geográfico como elemento de entrada Poesía infantil colombiana
Subdivisión cronológica Siglo XXI
Fuente del encabezamiento o término ARMARC
9 (RLIN) 157867
650 14 - PUNTO DE ACCESO ADICIONAL DE MATERIA--TÉRMINO DE MATERIA
Término de materia o nombre geográfico como elemento de entrada Literatura infantil colombiana
Subdivisión cronológica Siglo XXI
Fuente del encabezamiento o término LEMB
9 (RLIN) 279476
650 14 - PUNTO DE ACCESO ADICIONAL DE MATERIA--TÉRMINO DE MATERIA
Término de materia o nombre geográfico como elemento de entrada Indígenas de Colombia
Subdivisión general Vida social y costumbres
Fuente del encabezamiento o término LEMB
9 (RLIN) 279477
650 14 - PUNTO DE ACCESO ADICIONAL DE MATERIA--TÉRMINO DE MATERIA
Término de materia o nombre geográfico como elemento de entrada Folclor indígena
Fuente del encabezamiento o término LEMB
9 (RLIN) 53002
650 14 - PUNTO DE ACCESO ADICIONAL DE MATERIA--TÉRMINO DE MATERIA
Término de materia o nombre geográfico como elemento de entrada Libros ilustrados para niños
Fuente del encabezamiento o término LEMB
9 (RLIN) 16
700 1# - ENTRADA AGREGADA--NOMBRE PERSONAL
Nombre de persona Díaz Pérez, Mirian
Término indicativo de función/relación autora
9 (RLIN) 279478
700 1# - ENTRADA AGREGADA--NOMBRE PERSONAL
Nombre de persona Marquínez Angulo, Reina Dayana
Término indicativo de función/relación autora
9 (RLIN) 279479
700 1# - ENTRADA AGREGADA--NOMBRE PERSONAL
Nombre de persona Luna Beltrán, Luisa Fernanda
Término indicativo de función/relación autora
9 (RLIN) 279480
700 1# - ENTRADA AGREGADA--NOMBRE PERSONAL
Nombre de persona Gaitán, Aura
Término indicativo de función/relación ilustradora
9 (RLIN) 279481
700 1# - ENTRADA AGREGADA--NOMBRE PERSONAL
Nombre de persona Jiménez, Edi
Término indicativo de función/relación ilustradora
9 (RLIN) 279482
700 1# - ENTRADA AGREGADA--NOMBRE PERSONAL
Nombre de persona Múñoz Cárdenas, Paloa
Término indicativo de función/relación ilustradora
9 (RLIN) 279483
942 ## - ELEMENTOS DE ENTRADA SECUNDARIOS (KOHA)
Fuente del sistema de clasificación o colocación Clasificación Decimal Dewey
Tipo de ítem Koha Literatura
Holdings
Estatus retirado Estado de pérdida Fuente del sistema de clasificación o colocación Estado de daño No para préstamo Colección Biblioteca de origen Biblioteca actual Ubicación en estantería Fecha de adquisición Fuente de adquisición Total de préstamos Signatura topográfica completa Código de barras Visto por última vez Copia número Precio de reemplazo Tipo de ítem Koha
    Clasificación Decimal Dewey     General BIBLIOTECA PÚBLICA MUNICIPAL RAMON CORREA MEJIA BIBLIOTECA PÚBLICA MUNICIPAL RAMON CORREA MEJIA Colección general 08/09/2025 Donación Biblioteca Nacional   (i) 808 T564t 62904 08/11/2025 Ej. 1 08/11/2025 Literatura
    Clasificación Decimal Dewey     General BIBLIOTECA SAN JOAQUIN BIBLIOTECA SAN JOAQUIN Colección general 27/02/2025 Donación Biblioteca Nacional   (i) 808 T564t 61903 27/06/2025 Ej. 1 27/06/2025 Literatura

Powered by Koha